| 000 | 00615nam a2200229 a 4500 | ||
|---|---|---|---|
| 001 | BRCA_6330 | ||
| 005 | 20190320205420.0 | ||
| 008 | 110811s1980----gw-#######---#000-0#ger-# | ||
| 041 | _ager | ||
| 044 | _agw | ||
| 050 | 4 |
_aPT2603 _b.A2 P4 |
|
| 100 | 1 |
_aRomeo, Fritz _915874 |
|
| 245 | 1 | 0 |
_aJuckpulver _bHumoristische Gedichte in Karlsruher Mundart von _cFritz Romeo. |
| 260 |
_a[Leipzig] _b[Ulle] _c[1980] |
||
| 300 |
_a161 p. _c17 cm. |
||
| 500 | _aEstado físico: Lomo deteriorado | ||
| 500 | _aK20 | ||
| 650 | 1 | 4 |
_aPoesía alemana _915875 |
| 650 | 1 | 4 |
_aHumor alemán _915876 |
| 902 | _aGFM | ||
| 942 |
_2lcc _cB |
||
| 999 |
_c6016 _d6016 |
||